Statistics for Countries With The Most Deaths From Cancer In Europe

Click here to take the quiz!

General Stats

  • This quiz has been taken 14 times
  • The average score is 12 of 15

Answer Stats

Deaths (Per 100,000)Country% Correct
141.93Estonia
93%
146.06Latvia
93%
140.55Lithuania
93%
149.44Serbia
93%
141.20Slovenia
93%
131.38Czech Republic
86%
152.65Poland
86%
160.10Slovakia
86%
135.44Bulgaria
79%
148.43Montenegro
79%
175.46Hungary
71%
145.92Romania
71%
135.44Netherlands
64%
157.33Croatia
57%
136.49Denmark
50%

Score Distribution

Percentile by Number Answered

Percent of People with Each Score

Your Score History

You have not taken this quiz